| 000 | 00549nam a22001457a 4500 | ||
|---|---|---|---|
| 100 | _aMirza, Hasnain Ali | ||
| 245 |
_aConcept Design And Structural Analysis Of Vehicle Launched Trackway System / _cHasnain Ali Mirza |
||
| 260 |
_aIslamabad : _bSMME - NUST, _c2016. |
||
| 300 |
_a52 p. ; _c30cm. |
||
| 650 |
_aDesign and Manufacturing Engineering-MS-Thesis _916133 |
||
| 700 |
_aDr. Mushtaq Khan _916155 |
||
| 856 | _uhttp://10.250.8.41:8080/xmlui/handle/123456789/10691 | ||
| 942 |
_2ddc _cTHE |
||
| 999 |
_c541090 _d541090 |
||